women in African Cinema Beyond the Body Politic (Record no. 4623)

MARC details
000 -LEADER
fixed length control field 00473nam a22001697a 4500
008 - FIXED-LENGTH DATA ELEMENTS--GENERAL INFORMATION
fixed length control field 260317b |||||||| |||| 00| 0 eng d
020 ## - INTERNATIONAL STANDARD BOOK NUMBER
ISBN 9780415425681
100 ## - MAIN ENTRY--AUTHOR
Author Bisschoff Lizelle
245 ## - TITLE STATEMENT
Title women in African Cinema Beyond the Body Politic
260 ## - PUBLICATION, DISTRIBUTION, ETC. (IMPRINT)
Place of publication New-York
Name of publisher routledge
Date of publication 2020
300 ## - COLLATION
Pagination xvii,240p.
650 ## - TRACINGS
Main Subject motion pictures Africa history
700 ## - ADDITIONAL AUTHOR
Additional Author 2. Van de Peer Stefanic
942 ## - ADDED ENTRY ELEMENTS (KOHA)
Item type Books
050 ## - LIBRARY OF CONGRESS CALL NUMBER
Classification number PN1993.5.A35
Item number .W66
Holdings
Source of classification or shelving scheme Not for loan Permanent location Current location Date acquired Accession No. Full call number Barcode. Copy number Koha item type
Library of Congress Classification   Samuel Ogbemudia Main Library, University of Abuja Samuel Ogbemudia Main Library, University of Abuja 03/17/2026 2025/68791 PN1993.5.A35 .W66 2026-0110 1 Books